000 00926nam a2200265Ia 4500
003 OSt
005 20220923211526.0
006 a|||||r|||| 00| 0
007 ta
008 220922b |||||||| |||| 00| 0 hin d
020 _a9789381467060 (hbk)
_c240
024 _a263,636
037 _bIN-04428, 26/06/2012, Kitab Ghar Prakashan
_cTextual
040 _aARTS
_cARTS
_bhin
041 _2hin
_ahin
082 _aO152,2N452x, Q1
100 _aसहगल, प्रताप
_9156291
245 0 _aदस बाल नाटक
246 _aDas bāl nāṭaka
260 _aनयी दिल्ली
_b किताबघर प्रकाशन
_c2011
300 _a163पृ.
_ccm.
650 _aहिन्दी साहित्य
_9156264
942 _hO152,2N452x, Q1
_cTEXL
_2CC
999 _c300432
_d300432